000 00481nam a22001817a 4500
999 _c7590
_d7590
003 OSt
005 20220111154547.0
008 220111b ||||| |||| 00| 0 eng d
020 _a9780415956215
040 _cDDC
082 _a951.056 ONT 2009
245 _aOn the Edges of Development:
_bCultural Interventions.
260 _aNew York:
_bRoutledge;
_c2009,
300 _a275p.;
_c24cm.
504 _aIncludes Index.
650 _aCultural Revolution.
_915517
942 _2ddc
_cBOOK